000 01161cam a2200349 i 4500
001 18493809
003 OSt
005 20230902123815.0
008 150213s2015 ii b 001 0 eng
010 _a 2014362327
020 _a9781138859340
020 _a97881138349636
025 _aI-E-2014-362327; 84-91
037 _bLibrary of Congress -- New Delhi Overseas Office
040 _aDLC
_beng
_erda
_cDLC
_dDLC
042 _alcode
043 _aa-ii---
050 0 0 _aHG178.33.I4
_bM5336 2015
082 _a332.1
_bNAI/M
245 0 0 _aMicrofinance in India :
_bapproaches, outcomes, challenges /
_ceditor Tara S. Nair.
264 1 _aNew Delhi :
_bRoutledge,
_c2015.
300 _ax, 218 pages ;
_c23 cm
336 _atext
_btxt
_2rdacontent
337 _aunmediated
_bn
_2rdamedia
338 _avolume
_bnc
_2rdacarrier
504 _aIncludes bibliographical references and index.
650 0 _aMicrofinance
_zIndia.
700 1 _aNair, Tara S.
_eeditor.
_99397
906 _a7
_bcbc
_corigode
_d3
_encip
_f20
_gy-gencatlg
942 _2ddc
_cBK
_h332.1
_iNAI/M
_k332.1
_mNAI/M
999 _c42064
_d42064